000 00634cam a22002053a 4500
001 36387
003 PGUSA
005 20140828083804.0
008 110612s2011||||xxu|||||s|||||000 | eng d
040 _aPGUSA
_beng
042 _adc
100 1 _aCook, Sherburne F.,
_d1896-1974
245 1 0 _aColonial Expeditions to the Interior of California Central Valley, 1800-1820
_h[electronic resource] /
_cSherburne F. Cook
260 _bProject Gutenberg,
_c2011
506 _aPublic domain in the USA.
516 _aElectronic text
830 0 _aProject Gutenberg
_v36387
856 4 0 _uhttp://www.gutenberg.org/ebooks/36387
942 _cEB
999 _c265642
_d265642